|
|
|
|
| LEADER |
00000nam0a2200000 4500 |
| 001 |
139774 |
| 005 |
20231031141844.0 |
| 010 |
|
|
|a 5308008728
|
| 020 |
|
|
|a RU
|b 91-8397
|
| 035 |
|
|
|a (RuTPU)RU\TPU\book\151415
|
| 090 |
|
|
|a 139774
|
| 100 |
|
|
|a 20080610d1991 m y0rusy5003 ca
|
| 101 |
0 |
|
|a rus
|
| 102 |
|
|
|a UA
|
| 105 |
|
|
|a a z 000ay
|
| 200 |
1 |
|
|a Преодоление
|e Стихи
|f Г. А. Каменная
|
| 210 |
|
|
|a Киев
|c Днiпро
|d 1991
|
| 215 |
|
|
|a 342,[1] с.
|c ил.
|
| 333 |
|
|
|a Исключено из фонда НТБ ТПУ
|
| 700 |
|
1 |
|a Каменная
|b Г. А.
|g Галина Александровна
|
| 801 |
|
0 |
|a RU
|b RuMRKP
|c 19950417
|g psbo
|
| 801 |
|
1 |
|a RU
|b 63413507
|c 20080610
|g PSBO
|
| 801 |
|
2 |
|a RU
|b 63413507
|c 20220516
|g PSBO
|
| 942 |
|
|
|c BK
|